| 000 | 01560 a2200241 4500 | ||
|---|---|---|---|
| 001 | 24981 | ||
| 005 | 20260407155532.0 | ||
| 008 | 260407a1980 arg spa d | ||
| 003 | AR-UNSa-BCEJYS | ||
| 040 |
_aAR-UNSa-BCEJYS _bspa _cAR-UNSa-BCEJYS |
||
| 080 |
_a347.72 _xSociedades comerciales |
||
| 245 | 1 | 0 |
_aManual de derecho societario _pApendice. Ley 19.550 con sus reformas y exposición de motivos |
| 264 | 1 |
_aBuenos Aires : _bAstrea _c1980 |
|
| 300 |
_axxiv, 531 p. _c23 cm. |
||
| 505 | _a1. La sociedades en general - 2. Sociedad comercial - 3. Contrato social - 3. Requisitos de constitución : Validez y regularidad de la sociedad - 4. Los socios - 5. Contabilidad, dividendos , reservas - 6. Transformación, fusión, escisión e intervención de sociedades - 7. Resolución parcial, disolución - 8. Sociedad colectiva, en comandita simple y de capital e industria - 9. Sociedad de responsabilidad limitada - 10. Sociedad anónima (principios generales, constitución)- 11. Sociedad anónima (capital social) - 12. Sociedad anónima(asambleas) - 13. Sociedad anónima 8administración y representación) - 14. Sociedad anónima (consejo de vigilancia, sindicatura, fiscalización estatal) - 15. Sociedad con participación estatal, en comandita por acciones, accidental y debentures - 16. Sociedad cooperativa. | ||
| 942 | _cBK | ||
| 590 | _aniveau_biblio:m niveau_hierar:0 | ||
| 100 | 1 | _aRichard, Efraín Hugo | |
| 700 | 1 | _aEscuti, Ignacio A. (h) | |
| 700 | 1 | _aRomero, José Ignacio | |
| 650 | _aLey Nº 19.550 | ||
| 650 | _a ley nº 19 550 | ||
| 999 |
_c1257 _d1257 |
||